| 000 | 00780nam a2200205Ia 4500 | ||
|---|---|---|---|
| 003 | Ost | ||
| 005 | 20260507075013.0 | ||
| 008 | 260507s9999||||xx |||||||||||||| ||und|| | ||
| 040 | _cfsecg | ||
| 041 | _aara | ||
| 082 | _a350 | ||
| 100 |
_aالصيرفي، محمد عبد الفتاح _eمؤلف |
||
| 245 | 0 |
_aمفاهيم إدارية حديثة / _c محمد عبد الفتاح الصيرفي |
|
| 260 |
_aعمان: _bدار الثقافة, _c2003 |
||
| 300 |
_a438 صفحة؛ _c24 سم |
||
| 520 | _aالإدارة بالأهداف-إدارة القرار-إدارة فرق العمل-إدارة العمل المكتبي-إدارة الأزمات-إدارة التفاوض | ||
| 653 | _aالإدارة | ||
| 653 | _aالادارة الحديثة | ||
| 942 | _cكتاب | ||
| 999 |
_c42182 _d42182 |
||